000 00559nam a2200181 i 4500
001 90073
003 ES-MaACL
005 20230906180336.0
007 t|
008 050118s1960 cu ||||1| spa d
100 1 _aLazo, Raimundo.
_970821
245 1 0 _aAmérica y la lengua española /
_cpor Raimundo Lazo.
260 _aLa Habana :
_b[s.n.,
_c1960] (
_fImp. Litomen)
300 _a15 p. ;
_c21 cm.
500 _aPublicaciones de la Academia Cubana de la Lengua.
710 2 _aAcademia Cubana de la Lengua.
_91158
852 _aES-MaACL
_j2019-F-26
_bR.46329
999 _c90073
_d90073